Odas, epístolas y tragedias

Enregistré dans:
Détails bibliographiques
Auteur principal: Menéndez y Pelayo, Marcelino (autor)
Format: Livre
Langue:espagnol
Publié: Madrid A. Pérez Dubrull 1883
Collection:Obras Completas de D. Marcelino Menéndez y Pelayo
Sujets:
Tags: Ajouter un tag
Pas de tags, Soyez le premier à ajouter un tag!

MARC

LEADER 00000nam a2200000 a 4500
001 UCZ5995
003 CL-VaPUC
008 951130e18830000SP |||||||||||||||||spa|d
082 0 4 |a 860.8  |b MEN  |2 21 
100 |a Menéndez y Pelayo, Marcelino  |e autor  |9 478094 
245 1 0 |a Odas, epístolas y tragedias 
300 |a 298 p 
942 |c BK 
945 |d 19951130 00:00:00  |a rleighto 
260 |a Madrid  |b A. Pérez Dubrull  |c 1883 
650 0 |a Antologías  |9 309836 
650 0 |a Literatura española  |9 306261 
650 0 |a Poesías españolas  |9 265100 
650 7 |a CORRESPONDENCIAS ESPAÑOLAS  |2 CL-VaPUC  |9 350179 
650 0 |a Dramas españoles  |9 267081 
583 |a last modification  |c 19951130 00:00:00  |k Rodrigo Vera 
490 0 |a Obras Completas de D. Marcelino Menéndez y Pelayo 
999 |c 242263  |d 242261 
952 |0 0  |1 0  |4 0  |6 860_800000000000000_MEN_1883  |7 0  |8 P  |9 255082  |a BIBEDU  |b BIBEDU  |c BIBEDU_PB  |d 2019-11-19  |i 3157334  |o 860.8 MEN 1883  |p 3157334  |r 2024-01-25  |w 2019-11-19  |y BK  |k LIT